Score 0/14 Timer 02:00
5 Plays Today
% Correct
Egypt
94.6%
Madagascar
93.2%
Sudan
91.8%
South Sudan
88.8%
Chad
88.6%
Niger
86.8%
Seychelles
84.6%
% Correct
Central African Republic
82.9%
Senegal
81.4%
Benin
81.3%
Cameroon
78.4%
Mauritius
77.9%
Comoros
77.9%
Gabon
74.3%
Remove Ads.
Support Sporcle.
Get the best of Sporcle when you Go Orange. This ad-free experience offers more features, more stats, and more fun while also helping to support Sporcle. Thank you for becoming a member.

You're not logged in!

Compare scores with friends on all Sporcle quizzes.
OR
Log In

Show Comments

Extras

Top Quizzes Today


Score Distribution

Your Account Isn't Verified!

In order to create a playlist on Sporcle, you need to verify the email address you used during registration. Go to your Sporcle Settings to finish the process.

Report this User

Report this user for behavior that violates our Community Guidelines.

Details: